| 000 | 00755nam a2200217 a 4500 | ||
|---|---|---|---|
| 005 | 20220324141346.0 | ||
| 008 | 991125s19942000mad 000 0 spa u | ||
| 020 | _a847112372X (10 dígitos) | ||
| 020 | _a97884711123725 (13 dígitos) | ||
| 035 | _aUPN01000026256 | ||
| 049 | _aCG | ||
| 050 | 4 |
_aLB2361 _bT6.4 |
|
| 100 | 1 |
_aTorres, Jorge _d1951- _q(Torres Santomé) _935978 |
|
| 245 | 1 | 0 |
_aGlobalización e interdisciplinariedad : _bel curriculum integrado / _cJurjo Torres Santomé. |
| 260 |
_aMadrid : _bMorata, _c1994. (2000,2012, reimp.). |
||
| 300 | _a279 p. | ||
| 590 | _a(También localizas un ejemplar en el "Area de Reserva") | ||
| 590 | _aBibliografía Básica (BGTQ) | ||
| 650 | 4 |
_aPLANES Y PROGRAMAS - _vDISEÑO CURRICULAR |
|
| 905 | _aLibro | ||
| 999 |
_c26256 _d26256 |
||